书目信息 |
| 题名: |
化学历程
|
|
| 作者: | 肖东发 主编 ;方士华 编著 | |
| 分册: | ||
| 出版信息: | 北京 现代出版社 2015 |
|
| 页数: | 164页 | |
| 开本: | 23cm | |
| 丛书名: | 中华精神家园 | |
| 单 册: | ||
| 中图分类: | O6-092 | |
| 科图分类: | ||
| 主题词: | 化学史--中国--古代 | |
| 电子资源: | ||
| ISBN: | 978-7-5143-2991-9 | |
| 000 | 01067oam2 2200289 450 | |
| 001 | 2357769097 | |
| 005 | 20231117160045.44 | |
| 010 | @a978-7-5143-2991-9@dCNY29.80 | |
| 100 | @a20150601d2015 em y0chiy50 ea | |
| 101 | 0 | @achi |
| 102 | @aCN@b110000 | |
| 105 | @aa z 000yy | |
| 200 | 1 | @a化学历程@Ahua xue li cheng@e化学历史与化学科技@f肖东发主编@g方士华编著 |
| 210 | @a北京@c现代出版社@d2015 | |
| 215 | @a164页@c图@d23cm | |
| 225 | 2 | @a中华精神家园@i科技回眸 |
| 330 | @a本书共分为化工制陶——制陶制恣、金属提纯——冶金冶炼、方术实验——炼丹制药、日用化工——生活制品共四部分,主要内容包括:原始时期的化工制陶术、陶瓷技术的重要突破等。 | |
| 333 | @a本书非常适合广大化学爱好者阅读和珍藏,也非常适合各级图书馆装备和陈列 | |
| 410 | 0 | @12001 @a中华精神家园 |
| 410 | 0 | @12001 @a科技回眸 |
| 517 | 1 | @a化学历史与化学科技@9hua xue li shi yu hua xue ke ji |
| 606 | 0 | @a化学史@y中国@z古代 |
| 690 | @aO6-092@v5 | |
| 701 | 0 | @a肖东发@Axiao dong fa@4主编 |
| 702 | 0 | @a方士华@Afang shi hua@4编著 |
| 801 | 0 | @aCN@b91MARC@c20150601 |
| 905 | @aZUCC@dO6-092@e3 | |
| 化学历程:化学历史与化学科技/肖东发主编/方士华编著.-北京:现代出版社,2015 |
| 164页:图;23cm.-(中华精神家园.科技回眸) |
| 使用对象:本书非常适合广大化学爱好者阅读和珍藏,也非常适合各级图书馆装备和陈列 |
| ISBN 978-7-5143-2991-9:CNY29.80 |
| 本书共分为化工制陶——制陶制恣、金属提纯——冶金冶炼、方术实验——炼丹制药、日用化工——生活制品共四部分,主要内容包括:原始时期的化工制陶术、陶瓷技术的重要突破等。 |
| ● |
| 相关链接 |
|
|
|
正题名:化学历程
索取号:O6-092/3
 
预约/预借
| 序号 | 登录号 | 条形码 | 馆藏地/架位号 | 状态 | 备注 |
| 1 | 2001000439 | 2001000439 | 214主题书屋/四29架B面6层4列/ [索取号:O6-092/3] | 在馆 | |
| 2 | 2001000440 | 2001000440 | 214主题书屋/四29架B面6层4列/ [索取号:O6-092/3] | 在馆 | |
| 3 | 2001000441 | 2001000441 | 214主题书屋/四29架B面6层4列/ [索取号:O6-092/3] | 在馆 | |
| 4 | 2001000442 | 2001000442 | 214主题书屋/四29架B面6层4列/ [索取号:O6-092/3] | 在馆 | |
| 5 | 2001000443 | 2001000443 | 214主题书屋/四29架B面6层4列/ [索取号:O6-092/3] | 在馆 | |
| 6 | 2001000444 | 2001000444 | 214主题书屋/四29架B面6层4列/ [索取号:O6-092/3] | 在馆 |